000 00560nam a22001937a 4500
005 20210416110204.0
008 210221s1963 ||||| |||| 00| 0 eng d
040 _cDLC
_aeng
041 _aeng
080 _a821.111
_bC-19
100 _91034
_aCanning,Victor
245 _aThe Chasm
_c/ by: Berkley Publishing Corporation
260 _aNew York
_bBerkley Publishing Corporation
_c1963
300 _a191 p.
365 _b0.5 usd
650 0 _9247
_aEnglish literature
653 _aინგლისური ლიტერატურა
942 _2udc
_cBK
999 _c1995
_d1995